| 000 | 00807nam a2200265 a 4500 | ||
|---|---|---|---|
| 003 | DO-SdBNP | ||
| 005 | 20240306172149.0 | ||
| 007 | ta | ||
| 008 | 230302e1986 sp ||||er|||| 00| fdspa d | ||
| 020 | _a8401380111 | ||
| 040 |
_aDO-SdBNP _bspa _cBNPHU |
||
| 082 | 4 |
_aCh863.44 _bA432ca, 1986 _222 |
|
| 100 | 1 |
_aAllende, Isabel, _d1942- _924166 |
|
| 245 | 1 | 0 |
_aLa casa de los espíritus / _bIsabel Allende. |
| 246 | 1 | 4 |
_aLa casa de los espíritus : _bnovela |
| 250 | _a21a. ed. | ||
| 260 |
_aBarcelona : _bPlaza & Llanes, _c1986 |
||
| 300 |
_a380 p. ; _c21 cm. |
||
| 490 | _aLiteraria | ||
| 500 | _aIncluye datos biográficos de la autora en las solapas de las cubiertas. | ||
| 590 | _aInventariado 2023 / MF | ||
| 650 |
_aNovela chilena _93163 |
||
| 650 |
_aLiteratura chilena _93164 |
||
| 942 |
_2ddc _cLBS1 |
||
| 999 |
_c53143 _d53143 |
||